AI-Generated Inventions Patentability and The Transformation of International Patent Law: (Record no. 615616)
[ view plain ]
| 000 -LEADER | |
|---|---|
| fixed length control field | 00513nam a22001337a 4500 |
| 082 ## - DEWEY DECIMAL CLASSIFICATION NUMBER | |
| Classification number | 340 |
| Author Mark | SAE |
| 100 ## - MAIN ENTRY--PERSONAL NAME | |
| Personal name | Saeed, Muhammad Zaighum |
| 245 ## - TITLE STATEMENT | |
| Title | AI-Generated Inventions Patentability and The Transformation of International Patent Law: |
| Remainder of title | Challenges, Opportunities, and Global Implications / |
| Statement of responsibility, etc. | Muhammad Zaighum Saeed |
| 260 ## - PUBLICATION, DISTRIBUTION, ETC. | |
| Place of publication, distribution, etc. | Islamabad : |
| Name of publisher, distributor, etc. | NUST Law School, |
| Date of publication, distribution, etc. | 2025. |
| 300 ## - PHYSICAL DESCRIPTION | |
| Extent | 57 p. ; |
| Dimensions | 30 CM. |
| 563 ## - BINDING INFORMATION | |
| Binding note | HBK. |
| 856 ## - Uniform Resource Identifier | |
| Uniform Resource Identifier | <a href="http://10.250.8.41:8080/xmlui/handle/123456789/56177">http://10.250.8.41:8080/xmlui/handle/123456789/56177</a> |
| 942 ## - ADDED ENTRY ELEMENTS (KOHA) | |
| Source of classification or shelving scheme | |
| Koha item type | Project Report |
| Withdrawn status | Lost status | Source of classification or shelving scheme | Damaged status | Not for loan | Permanent Location | Current Location | Date acquired | Total Checkouts | Full call number | Barcode | Date last seen | Price effective from | Koha item type |
|---|---|---|---|---|---|---|---|---|---|---|---|---|---|
| NUST Law School (NLS) | NUST Law School (NLS) | 12/18/2025 | 340 SAE | NLSP-4 | 12/18/2025 | 12/18/2025 | Project Report |
